000 00226 a2200097 4500
001 16656
100 _aHering P.G
245 _aCustoms and tradition's of R.A.F
260 _aAlder shot
_bGale polden
_c
090 _c12556
_d12556
942 _aNUST-CAE
_cM
_c2843
999 _c251729
_d251729